00396nam a2200145Ia 4500008004100000020001500041041001200056082001600068100001900084245006200103260004700165300000800212650001400220700001600234221030s9999 xx 000 0 und d a0852260013 aEnglish a105.23bMuk aS. M. Mukherji 0aOrganic Chemistry Vol. IIcby S. M. Mukherji, S. P. Singh bNew Age International PubaNew Delhic1997 a958 aChemistry aS. P. Singh